000
00310nam a22001337a 4500
008
170606b xxu||||| |||| 00| 0 eng d
020
_a
804706379
041
_a
eng
080
_a
94(4)
100
_a
18
101
_a
SHH
245
_a
THE PEASANT IN NINETEENTH-CENTURY-RUSSIA
_c
VUCINICH,W.S
942
_2
udc
_c
BK
999
_c
16140
_d
16140